General survey of the reports relating to the Consultation (Industrial and National Levels ) Recommendation, 1960 (No. 113): third item on the agenda, information and reports on the application of conventions and recommendations : Report of the Committee

Đã lưu trong:
Bibliografiske detaljer
Format: Bog
Sprog:Undetermined
Udgivet: Geneva International Labour Office 1976
Fag:
Tags: Tilføj Tag
Ingen Tags, Vær først til at tagge denne postø!
Thư viện lưu trữ: Trung tâm Học liệu Trường Đại học Cần Thơ
LEADER 00836nam a2200193Ia 4500
001 CTU_82245
008 210402s9999 xx 000 0 und d
082 |a 331.11 
082 |b G326 
245 0 |a General survey of the reports relating to the Consultation (Industrial and National Levels ) Recommendation, 1960 (No. 113): third item on the agenda, information and reports on the application of conventions and recommendations : 
245 0 |b Report of the Committee 
245 0 |c International Labour Office. Committee of Experts on the Application of Conventions and Recommendations. 
260 |a Geneva 
260 |b International Labour Office 
260 |c 1976 
650 |a Corporations,Industrial administration 
650 |x Management 
904 |i Trọng Hải 
980 |a Trung tâm Học liệu Trường Đại học Cần Thơ